| 000 | 00426nam a22001697a 4500 | ||
|---|---|---|---|
| 003 | NUST - PNEC | ||
| 005 | 20170116180930.0 | ||
| 008 | 150905b xxu||||| |||| 00| 0 eng d | ||
| 020 | _a8120321138 | ||
| 040 | _cLIBRARY | ||
| 082 | _a621.36 SET | ||
| 100 |
_98220 _aSetian, Leo |
||
| 245 |
_aApplications in electro-optics _cLeo Setian |
||
| 260 | _cc.2002 | ||
| 650 |
_98222 _aElectronic Engineering _xEL |
||
| 942 |
_2ddc _cBK |
||
| 999 |
_c65892 _d65892 |
||